000 00348 a2200121 4500
001 ART_37820
005 20260410161701.0
008 260409a
245 1 0 _aPrebisch y el principio de reciprocidad
100 1 _aPanigo, Demián Tupac
700 1 _aGárriz, Ana
773 0 _tEnsayos Económicos
_g- Nº 73 (dic. 2015)
_wREV620
999 _c15217
_d15217